<?xml version="1.0" encoding="UTF-8"?>
<record
    xmlns:xsi="http://www.w3.org/2001/XMLSchema-instance"
    xsi:schemaLocation="http://www.loc.gov/MARC21/slim http://www.loc.gov/standards/marcxml/schema/MARC21slim.xsd"
    xmlns="http://www.loc.gov/MARC21/slim">

  <leader>01685nam a22002897a 4500</leader>
  <controlfield tag="003">DO-SdBNP</controlfield>
  <controlfield tag="005">20220405094811.0</controlfield>
  <controlfield tag="007">ta</controlfield>
  <controlfield tag="008">220204b19661976   ||||e |||| 001 0dspa d</controlfield>
  <datafield tag="040" ind1=" " ind2=" ">
    <subfield code="a">DO-SdBNP</subfield>
    <subfield code="b">spa</subfield>
    <subfield code="c">BNPHU</subfield>
  </datafield>
  <datafield tag="082" ind1=" " ind2="4">
    <subfield code="a">370.15</subfield>
    <subfield code="b">S881p</subfield>
    <subfield code="2">22</subfield>
  </datafield>
  <datafield tag="100" ind1="1" ind2=" ">
    <subfield code="a">Stones, E.</subfield>
    <subfield code="9">50358</subfield>
  </datafield>
  <datafield tag="240" ind1=" " ind2=" ">
    <subfield code="a">An Introduction to educational psychology</subfield>
    <subfield code="l">Espa&#xF1;ol</subfield>
  </datafield>
  <datafield tag="245" ind1="1" ind2="0">
    <subfield code="a">Psicolog&#xED;a educativa /</subfield>
    <subfield code="c">E. Stones </subfield>
  </datafield>
  <datafield tag="260" ind1=" " ind2=" ">
    <subfield code="a">Madrid :</subfield>
    <subfield code="b">Magistrio Espa&#xF1;ol, S.A.,</subfield>
    <subfield code="c">1969.</subfield>
  </datafield>
  <datafield tag="300" ind1=" " ind2=" ">
    <subfield code="a">365 p. : </subfield>
    <subfield code="b">il. ; </subfield>
    <subfield code="c">23 cm</subfield>
  </datafield>
  <datafield tag="490" ind1=" " ind2=" ">
    <subfield code="a">Ciencias de la educaci&#xF3;n </subfield>
  </datafield>
  <datafield tag="500" ind1=" " ind2=" ">
    <subfield code="a">Incluye referencias bibliogr&#xE1;ficas y notas al pie de las p&#xE1;ginas</subfield>
  </datafield>
  <datafield tag="504" ind1=" " ind2=" ">
    <subfield code="a">Bibliograf&#xED;a : p. 359-365</subfield>
  </datafield>
  <datafield tag="505" ind1=" " ind2=" ">
    <subfield code="a">Cap&#xED;tulo 1.</subfield>
    <subfield code="t">Los fundamentos del aprendizaje --</subfield>
    <subfield code="g">Capitulo 2.</subfield>
    <subfield code="t">La naturaleza del desarrollo --</subfield>
    <subfield code="g">Capitulo 3. </subfield>
    <subfield code="t">Introducci&#xF3;n al aprendizaje --</subfield>
    <subfield code="g">Capitulo 4. </subfield>
    <subfield code="t">Los mecanismos del aprendizaje --</subfield>
    <subfield code="g">Capitulo 5.</subfield>
    <subfield code="t">Aprendizaje y lengua --</subfield>
    <subfield code="g">Capitulo 6.</subfield>
    <subfield code="t">El aprendizaje y la formaci&#xF3;n de conceptos --</subfield>
    <subfield code="g">Capitulo 7.</subfield>
    <subfield code="t">Lenguaje y pensamiento --</subfield>
    <subfield code="g">Capitulo 8. </subfield>
    <subfield code="t">El aprendizaje en la escuela --</subfield>
    <subfield code="g">Capitulo 9. </subfield>
    <subfield code="t">Ense&#xF1;anza programada --</subfield>
    <subfield code="g">Capitulo 10. </subfield>
    <subfield code="t">Ex&#xE1;menes y tests -- </subfield>
    <subfield code="g">Capitulo 11.</subfield>
    <subfield code="t">La inteligencia y su  medici&#xF3;n --</subfield>
    <subfield code="g">Capitulo 12,</subfield>
    <subfield code="t">Ni&#xF1;os retrasados --</subfield>
    <subfield code="g">Capitulo 13.</subfield>
    <subfield code="t">Tratamiento del retraso --</subfield>
    <subfield code="g">Capitulo 14.</subfield>
    <subfield code="t">La psicolog&#xED;a social en el centro docente --</subfield>
    <subfield code="g">Capitulo 15. </subfield>
    <subfield code="t">La labor del profesor --</subfield>
    <subfield code="t"> Ap&#xE9;ndice --</subfield>
    <subfield code="t">Referencias.</subfield>
  </datafield>
  <datafield tag="590" ind1=" " ind2=" ">
    <subfield code="a">Inventariado, 2019 / SA</subfield>
  </datafield>
  <datafield tag="650" ind1=" " ind2="4">
    <subfield code="a">Psicopedagog&#xED;a</subfield>
    <subfield code="9">81131</subfield>
  </datafield>
  <datafield tag="650" ind1=" " ind2=" ">
    <subfield code="a">Educational psychology.</subfield>
    <subfield code="9">29345</subfield>
  </datafield>
  <datafield tag="700" ind1="1" ind2=" ">
    <subfield code="a">Redondo, Emilio</subfield>
    <subfield code="e">Director Catedr&#xE1;tico de la Universidad de Barcelona</subfield>
    <subfield code="9">81133</subfield>
  </datafield>
  <datafield tag="910" ind1=" " ind2=" ">
    <subfield code="a">Saquino/Validado, 2021/MFF</subfield>
  </datafield>
  <datafield tag="942" ind1=" " ind2=" ">
    <subfield code="2">ddc</subfield>
    <subfield code="c">LBS1</subfield>
  </datafield>
  <datafield tag="952" ind1=" " ind2=" ">
    <subfield code="0">0</subfield>
    <subfield code="1">0</subfield>
    <subfield code="2">ddc</subfield>
    <subfield code="5">6</subfield>
    <subfield code="7">0</subfield>
    <subfield code="8">GR</subfield>
    <subfield code="a">BNPHU</subfield>
    <subfield code="b">BNPHU</subfield>
    <subfield code="c">HD</subfield>
    <subfield code="d">2015-07-21</subfield>
    <subfield code="e">Donado</subfield>
    <subfield code="l">0</subfield>
    <subfield code="o">BNPHU GR 370.15 S881p</subfield>
    <subfield code="p">2022-0572</subfield>
    <subfield code="r">2022-02-04</subfield>
    <subfield code="w">2022-02-04</subfield>
    <subfield code="y">LBS1</subfield>
  </datafield>
  <datafield tag="999" ind1=" " ind2=" ">
    <subfield code="c">51333</subfield>
    <subfield code="d">51333</subfield>
  </datafield>
</record>
